000 00838pam a2200289 a 4500
001 2476
005 20240108094113.0
020 _a9780531070819
040 _aDLC
_cDLC
_dDLC
_beng
050 0 0 _aPZ7.P63123
_b1991
082 0 0 _a813.6
100 1 _aPilkey, Dav
_d1966-
245 1 0 _aDragon gets by /
_cDav Pilkey
260 _aNew York :
_bScholastic,
_c1991
300 _a46 pages :
_bColor illustrations ;
_c21 cm
500 _a"A Richard Jackson book."
500 _a"Dragon's second tale"
505 _aJ
520 _aDragon wakes up groggy and does everything wrong all day long.
521 _a490
_bLexile
521 _aJ
_bRaz-Plus
650 1 _aDragons
_vFiction.
650 1 _aChores
_vFiction.
650 1 _aHumorous stories.
906 _a7
_bcbc
_corignew
_d1
_eocip
_f19
_gy-gencatlg
942 _2ddc
_cBK
_n0
999 _c2476
_d2476